Countries that used to Exist - Statistics

General Stats
  • This quiz has been taken 25 times
  • The average score is 6 of 18
Answer Stats
Country % Correct
Soviet union
96%
Yugoslavia
83%
Czechoslovakia
71%
East germany
71%
West germany
46%
South vietnam
42%
Tibet
38%
Prussia
33%
Texas
33%
United Arab Republic
33%
Gran colombia
25%
East pakistan
17%
Tanganyika
17%
Central america
13%
Hawaii
13%
Catalonia
8%
Sikkim
4%
Bengal
0%
No matching quizzes found
Score Distribution
Percent of People with Each Score
Percentile by Number Answered
Your Score History
You have not taken this quiz